[Event "Greifswald Ryck op 24th"]
[Site "Greifswald"]
[Date "2023.07.22"]
[Round "6"]
[White "Naeckel, Karsten"]
[Black "Grosse Thie, Paul"]
[Result "0-1"]
[WhiteElo "1378"]
[BlackElo "1241"]
[PlyCount "86"]
[EventDate "2023.07.19"]
[EventType "swiss"]
[EventRounds "7"]
[EventCountry "GER"]
[SourceTitle "CBM 215 Extra"]
[Source "ChessBase"]
[SourceDate "2023.09.30"]
[SourceVersion "1"]
[SourceVersionDate "2023.09.30"]
[SourceQuality "1"]

1. d4 g6 2. Bf4 Bg7 3. e3 d6 4. c3 Nd7 5. Nf3 e5 6. dxe5 dxe5 7. Bg3 Ne7 8. Be2 Nf5 9. Qc2 0-0 10. Na3 a6 11. 0-0-0 Nxg3 12. hxg3 Qe7 13. Rh2 b5 14. Qd2 Nb6 15. e4 f6 16. Rdh1 Rd8 17. Qe3 Be6 18. Kb1 h5 19. Qc1 b4 20. cxb4 Qxb4 21. Qc2 Na4 22. Bc4 Bxc4 23. Qxc4+ Qxc4 24. Nxc4 Rab8 25. Rc1 Nb6 26. Nxb6 cxb6 27. Rhh1 Rbc8 28. Rxc8 Rxc8 29. Rc1 Rxc1+ 30. Kxc1 Bf8 31. Kc2 Bc5 32. Nh4 g5 33. Nf5 Bxf2 34. g4 hxg4 35. Nh6+ Kg7 36. Nxg4 Bd4 37. b3 Kg6 38. Nh2 f5 39. exf5+ Kxf5 40. Kd3 Kf4 41. Nf3 e4+ 42. Kxd4 exf3 43. gxf3 Kxf3 0-1